Missing Word: Magazines Quiz Stats

 Plays Quiz Updated Mar 3, 2016

Challenge
Share
Tweet
Embed
Score 0/26 Timer 03:00
0 Plays Today
Magazine Missing Word % Correct
The ___ YorkerNew
97%
___ GeographicNational
96.1%
Reader's ___Digest
94.6%
Vanity ___Fair
94.1%
___ App├ętitBon
92%
Martha ___ LivingStewart
88.4%
Sports ___Illustrated
86.4%
Entertainment ___Weekly
83.9%
___ HousekeepingGood
83.8%
Better Homes and ___Gardens
81.6%
___ GuideTV
69.9%
___ ClaireMarie
67.7%
___ StoneRolling
62.6%
Magazine Missing Word % Correct
U.S. News & ___ ReportWorld
59.6%
Ladies' Home ___Journal
59.1%
Southern ___Living
58.3%
Car and ___Driver
55.5%
Men's ___Health
55.3%
___ MechanicsPopular
50.6%
___ CircleFamily
49.4%
Field & ___Stream
48.1%
Boy's ___Life
48%
___'s DayWoman
37.5%
___ VogueTeen
30%
Motor ___Trend
29%
___ LightCooking
22.4%

Today's Daily Dose

Missing Word
Britpop Albums

Word Ladder
Sing It!

On This Day
December 14th II

You're not logged in!

Compare scores with friends on all Sporcle quizzes.
OR
Log In

You Might Also Like...

Show Comments

Extras

Top Quizzes Today


Score Distribution

Your Account Isn't Verified!

In order to create a playlist on Sporcle, you need to verify the email address you used during registration. Go to your Sporcle Settings to finish the process.

Report this User

Report this user for behavior that violates our Community Guidelines.

Details: